| 000 | 00805nam a2200229 i 4500 | ||
|---|---|---|---|
| 003 | IT-RoINE | ||
| 005 | 20140429152723.0 | ||
| 008 | 031003s1929 it |r 000 b ita d | ||
| 040 |
_aPUG _bita _cIT-RoINE _dIT-RoINE |
||
| 100 | 1 |
_aTommaseo, Niccolò, _d1802-1874 _9335 |
|
| 245 | 1 | 3 |
_aIl ritratto di Antonio Rosmini / _cNiccolò Tommaseo ; con introduzione e note di Carlo Curto. |
| 260 |
_aTorino : _bParavia, _c1929. |
||
| 300 |
_aXII, 182 p., [1] h. de lám. ; _c20 cm. |
||
| 336 |
_2rdacontent _atext |
||
| 337 |
_2rdamedia _aunmediated |
||
| 338 |
_2rdacarrier _avolume |
||
| 490 | 1 | 0 | _aPiccola biblioteca rosminiana |
| 600 | 1 | 4 |
_aAntonio Rosmini Serbati, _cBeato, _d1797-1855 _93989 _xBiografía |
| 700 | 1 |
_aCurto, Carlo, _d1892- _96798 |
|
| 830 | 0 |
_aPiccola biblioteca rosminiana _96799 |
|
| 942 | _cMTS | ||
| 999 |
_c3377 _d3377 |
||